000 00642nam a2200181Ia 4500
008 100920s9999 xx 000 0 und d
082 _b10273
_a28 व 51 0
100 _aपेंडसे ग.बा.
245 _aराणाप्रतापची कथा.
260 _bचित्रशाळा प्रकाशन.पुणे2.
_c0
300 _a37
_bसाधी
365 _b0
520 _aबा. वि चरित्र.
630 _aराणाप्रतापची कथा.
650 _aबा. वि चरित्र.
730 _aराणाप्रतापची कथा.
942 _cBOOK
999 _c676760
_d676757